Sabrina Carpenter Charting Songs (Billboard Hot 100) - Statistics

General Stats
  • This quiz has been taken 48 times
  • The average score is 16 of 19
Answer Stats
Album Weeks on Peak Song % Correct
Short n' sweet 60 #3 Espresso
100%
Short n' sweet 38 #1 Please please please
100%
Short n' sweet 38 #2 Taste
97%
emails i can't send fwd: 37 #21 Feather
94%
Short n' sweet 17 #22 Juno
91%
Short n' sweet 32 #14 Bed chem
88%
Short n' sweet (deluxe) 15 #27 Busy woman
88%
emails i can't send fwd: 19 #56 Nonsense
85%
Short n' sweet (deluxe) 1 #67 15 minutes
82%
Short n' sweet 13 #15 Good graces
82%
Short n' sweet 7 #26 Coincidence
79%
Short n' sweet 3 #35 Don't smile
79%
Short n' sweet (deluxe) 1 #84 Couldn't make it any harder
76%
Short n' sweet 3 #32 Dumb & poetic
76%
Short n' sweet 2 #41 Lie to girls
76%
Short n' sweet 7 #21 Sharpest tool
76%
Short n' sweet (deluxe) 1 #87 Bad Reviews
68%
single 3 #48 Skin
62%
Short n' sweet 5 #27 Slim pickins
62%
No matching quizzes found
Score Distribution
Percent of People with Each Score
Percentile by Number Answered
Your Score History
You have not taken this quiz